| 000 | nam a22 a 4500 | ||
|---|---|---|---|
| 999 |
_c427151 _d427151 |
||
| 003 | BLK | ||
| 005 | 20230506024441.0 | ||
| 008 | 210806b bu |||||r|||| 00| | bu d | ||
| 040 | _aBLK | ||
| 041 |
_aBUL _cBUL |
||
| 080 |
_aАнглийска литература _b821.111 _x-32 _z821.111-32 |
||
| 100 |
_aРид, Томас Майн _d1818-1883 _9365222 |
||
| 139 | _aРид, Томас Майн | ||
| 245 |
_aПовести и разкази _bСпомени от бурните времена на остров Куба : Повест _cТомас Майн Рид ; прев. от рус. И. Михайлов |
||
| 260 |
_9217487 _aТърново _bкниж. Е. П. Христов _c1898 _f(Варна : скоропеч. Зора) |
||
| 300 |
_a48 с. _c21 см |
||
| 380 | _aX | ||
| 490 |
_9435080 _aКолекция Редки и ценни издания |
||
| 500 | _aЛипсват : - Спасената железница : Разказ ; Белият кон : Предание ; Островитяне : Разказ | ||
| 700 |
_91121 _aМихайлов, И. _eпрев. от рус. |
||
| 852 |
_aРб 898 _bРц |
||
| 942 |
_cKNG _n0 _s1 |
||
| 944 |
_aCR _c2021-08-06 _kВП |
||